000
00323nam a2200133 4500
999
_c
10616
_d
10616
003
OSt
005
20220429132324.0
008
220429b ||||| |||| 00| 0 eng d
020
_a
070513686
082
_a
711.552
100
_a
Louis G Redstone,FAIA
245
_a
New dimensions in shopping centers and stores
942
_2
ddc